| Tag |
First Indicator |
Second Indicator |
Subfields |
| LEADER |
00000cam a2200000La 4500 |
| 001 |
in00001739430 |
| 005 |
20220105122322.0 |
| 006 |
m u |
| 007 |
cr cn- |
| 008 |
010329s1997 caua s 000 0 eng d |
| 020 |
|
|
|a 1583763384 (electronic bk.) :
|c $9.95
|
| 020 |
|
|
|z 1576750647
|
| 035 |
|
|
|a (OCoLC)ocm47009427
|
| 035 |
|
|
|a 41482
|b (N$T)
|
| 040 |
|
|
|a N$T
|c N$T
|d UtOrBLW
|
| 049 |
|
|
|a IKMN
|
| 050 |
1 |
4 |
|a HB615
|b .H356 1999eb
|
| 082 |
0 |
4 |
|a 658.4/21
|2 21
|
| 100 |
1 |
|
|a Hessler-Key, Mary.
|0 http://id.loc.gov/authorities/names/n98030949
|
| 245 |
1 |
4 |
|a The entrepreneurial cat :
|b 13 ways to transform your work life /
|c by Mary Hessler-Key with Jazzie the Cat ; illustrations by Kotopoulis.
|
| 264 |
|
1 |
|a San Francisco :
|b Berrett-Koehler,
|c [1999]
|
| 264 |
|
4 |
|c ©1999
|
| 300 |
|
|
|a 1 volume (various pagings) :
|b illustrations (some color) ;
|c 24 cm.
|
| 336 |
|
|
|a text
|b txt
|2 rdacontent
|
| 337 |
|
|
|a computer
|b c
|2 rdamedia
|
| 338 |
|
|
|a online resource
|b cr
|2 rdacarrier
|
| 533 |
|
|
|a Electronic reproduction.
|b Boulder, Colo. :
|c NetLibrary,
|d 2001.
|n Available via World Wide Web.
|n Access may be limited to NetLibrary affiliated libraries.
|
| 500 |
|
|
|a Electronic resource.
|
| 650 |
|
0 |
|a Entrepreneurship.
|0 http://id.loc.gov/authorities/subjects/sh85044149
|
| 650 |
|
0 |
|a Small business
|x Management.
|0 http://id.loc.gov/authorities/subjects/sh85123576
|
| 650 |
|
0 |
|a Success in business.
|0 http://id.loc.gov/authorities/subjects/sh85129589
|
| 655 |
|
7 |
|a Electronic books.
|2 local
|
| 700 |
0 |
|
|a Kotopoulis.
|0 http://id.loc.gov/authorities/names/n98030958
|
| 710 |
2 |
|
|a NetLibrary, Inc.
|0 http://id.loc.gov/authorities/names/no99080690
|
| 856 |
4 |
1 |
|u https://proxy.library.tamu.edu/login?url=http://www.netLibrary.com/urlapi.asp?action=summary&v=1&bookid=41482
|z Connect to the full text of this electronic book
|t 0
|
| 994 |
|
|
|a 92
|b IKM
|
| 999 |
|
|
|a MARS
|
| 999 |
f |
f |
|s bfc4e92b-fad9-38f3-a60f-7a1cb8857c8d
|i 346d7761-129e-3dbe-a173-3c13f02449ea
|t 0
|
| 952 |
f |
f |
|a Texas A&M University
|b College Station
|c Electronic Resources
|d Available Online
|t 0
|e HB615 .H356 1999eb
|h Library of Congress classification
|
| 998 |
f |
f |
|a HB615 .H356 1999eb
|t 0
|l Available Online
|